000 00302nam a22001337a 4500
008 170606b xxu||||| |||| 00| 0 eng d
020 _a9780299101848
041 _aeng
080 _a94(4)
100 _a18
101 _aSHH
245 _aA HISTORY OF EUROPEAN RACISM
_cMOOSE.G.L
942 _2udc
_cBK
999 _c16034
_d16034